Cities of Mitchell County, Iowa - Statistics

General Stats
  • This quiz has been taken 51 times
  • The average score is 5 of 8
Answer Stats
Cities % Correct
1 Osage
100%
3 Riceville
83%
2 St. Ansgar
83%
5 Mitchell
67%
4 Stacyville
67%
7 Carpenter
33%
8 Orchard
33%
6 McIntire
0%
No matching quizzes found
Score Distribution
Percent of People with Each Score
Percentile by Number Answered
Your Score History
You have not taken this quiz